Preventing bullying in schools; a guide for teachers and other professionals
Guardat en:
| Autor principal: | |
|---|---|
| Format: | Llibre |
| Idioma: | anglès |
| Publicat: |
Paul Chapman Sage.
2004.
|
| Etiquetes: |
Afegir etiqueta
Sense etiquetes, Sigues el primer a etiquetar aquest registre!
|
MARC
| LEADER | 00000nam a22000007a 4500 | ||
|---|---|---|---|
| 008 | 211101b ||||| |||| 00| 0 eng d | ||
| 020 | |a 0761944729 | ||
| 100 | |a Lee, Chris. | ||
| 245 | |a Preventing bullying in schools; |b a guide for teachers and other professionals |c Chris Lee |g viii, 102 p. : ill. | ||
| 260 | |b Paul Chapman Sage. |c 2004. |d Book |h London. |i 655809 |l LB3013.3.L51 |m Bullying in schools--Prevention--Handbooks, manuals, etc. |m Bullying--Prevention--Handbooks, manuals, etc. |m School violence--Prevention--Handbooks, manuals, etc. | ||
| 500 | |a Includes bibliographical references (p. 97-99) and index | ||
| 942 | |a lcc |c BK |e Olagoke,M.A. |f 01/11/2021. | ||
| 952 | |0 0 |1 0 |2 lcc |4 0 |7 0 |9 3785 |a HOL |b HOL |c LP |d 2021-11-01 |o LB3013.3.L51 |p 2021-67517 |r 2021-11-01 00:00:00 |t 655809 |w 2021-11-01 |y BK | ||
| 999 | |c 1889 |d 1889 | ||